[Event "Julius Baer GenCup Pl/In"]
[Site "Chess.com INT"]
[Date "2024.09.25"]
[Round "2"]
[White "Moroni, Luca Jr"]
[Black "Meier, Georg"]
[Result "1-0"]
[WhiteElo "2558"]
[BlackElo "2591"]
[PlyCount "97"]
[EventDate "2024.09.25"]
[EventType "swiss (rapid)"]
[EventRounds "9"]
[EventCountry "GER"]
[SourceTitle "CB40_2024"]
[SourceDate "2024.10.02"]
[SourceVersion "1"]
[SourceVersionDate "2024.10.02"]
[SourceQuality "1"]

1. c4 b6 2. Nc3 Bb7 3. e4 e5 4. Nf3 Nc6 5. a3 g6 6. h4 h5 7. d3 d6 8. Nd5 Bg7 9. Bg5 f6 10. Be3 Nh6 11. Nh2 Qd7 12. Be2 Nd8 13. g4 c6 14. Bxh6 Rxh6 15. Nxf6+ Bxf6 16. g5 Bxg5 17. hxg5 Rh7 18. Qd2 Ne6 19. 0-0-0 0-0-0 20. Nf3 c5 21. Nh4 Qf7 22. Rdg1 Nd4 23. Bd1 Rf8 24. f3 Rg7 25. b4 Kc7 26. Kb2 a6 27. Rf1 Qe7 28. f4 exf4 29. Rxf4 Rxf4 30. Qxf4 Rf7 31. Qg3 Qe6 32. Re1 Nc6 33. d4 cxd4 34. c5 Qe5 35. cxd6+ Kxd6 36. Qb3 Rf2+ 37. Kb1 Ne7 38. Bc2 Qf4 39. e5+ Kc7 40. Qe6 Nd5 41. Nxg6 Nc3+ 42. Ka1 Qxg5 43. Qd6+ Kc8 44. Ne7+ Qxe7 45. Qxe7 Rxc2 46. Qe6+ Kb8 47. Rg1 Ka7 48. Rg7 Nb5 49. a4 1-0

[Event "Titled Tuesday intern op 24th Sep Early"]
[Site "Chess.com INT"]
[Date "2024.09.24"]
[Round "1"]
[White "Melaa, Sondre Lillestol"]
[Black "Moroni, Luca Jr"]
[Result "1/2-1/2"]
[WhiteElo "2315"]
[BlackElo "2558"]
[PlyCount "212"]
[EventDate "2024.09.24"]
[EventType "swiss (blitz)"]
[EventRounds "11"]
[EventCountry "USA"]
[SourceTitle "CB41_2024"]
[SourceDate "2024.10.09"]
[SourceVersion "1"]
[SourceVersionDate "2024.10.09"]
[SourceQuality "1"]

1. d4 g6 2. e4 Bg7 3. Nf3 d6 4. Be2 Nf6 5. Nc3 0-0 6. 0-0 a6 7. Re1 b5 8. e5 Nfd7 9. Bf4 Nb6 10. a4 b4 11. Ne4 Bb7 12. Bd3 Nd5 13. Bg5 Qd7 14. Qd2 Nc6 15. Bh6 dxe5 16. Bxg7 Kxg7 17. dxe5 Rad8 18. Rad1 Qg4 19. h3 Qf4 20. Nc5 Ba8 21. Qxf4 Nxf4 22. Bxa6 Na5 23. Bf1 Nxh3+ 24. gxh3 Bxf3 25. Rxd8 Rxd8 26. Re3 Bd5 27. Nd3 b3 28. cxb3 Bxb3 29. Nc5 Bd5 30. Bg2 Bxg2 31. Kxg2 Nc4 32. Rd3 Rb8 33. b3 Nxe5 34. Rd5 f6 35. a5 Kf7 36. a6 Rb5 37. b4 Nc6 38. Rd7 Nxb4 39. Rxc7 Nd5 40. Rb7 Rxc5 41. a7 Ra5 42. Rb5 Nf4+ 43. Kg3 Rxa7 44. Kxf4 g5+ 45. Kg3 Ra3+ 46. f3 h5 47. Kg2 h4 48. Rb2 e5 49. Re2 Kg6 50. Rd2 Kf5 51. Re2 Kf4 52. Re4+ Kf5 53. Re2 Ra4 54. Kf2 Kf4 55. Rb2 f5 56. Rc2 Ra3 57. Rc4+ e4 58. fxe4 fxe4 59. Kg2 Ra2+ 60. Kg1 Kf3 61. Rc5 g4 62. hxg4 e3 63. Rf5+ Kxg4 64. Re5 Kf4 65. Re7 Rf2 66. Rf7+ Kg3 67. Rg7+ Kf3 68. Rf7+ Ke2 69. Ra7 Rf4 70. Ra2+ Kf3 71. Kf1 Rb4 72. Rf2+ Ke4 73. Rf8 Rb1+ 74. Ke2 Rb2+ 75. Kf1 h3 76. Rh8 Kf3 77. Rxh3+ Ke4 78. Rh8 Rb1+ 79. Ke2 Rb2+ 80. Ke1 Rg2 81. Re8+ Kd3 82. Rd8+ Kc3 83. Re8 Kd4 84. Rd8+ Ke5 85. Re8+ Kf4 86. Rf8+ Ke4 87. Re8+ Kd4 88. Rd8+ Kc5 89. Re8 Rg3 90. Ke2 Kd4 91. Rd8+ Kc3 92. Rd3+ Kc2 93. Rxe3 Rg2+ 94. Kf3 Rg8 95. Re2+ Kd3 96. Re3+ Kd4 97. Re4+ Kd5 98. Rf4 Rb8 99. Rf5+ Kd4 100. Rf4+ Kd3 101. Rf7 Rb6 102. Rd7+ Kc4 103. Ke3 Kc5 104. Ke4 Re6+ 105. Kf5 Rd6 106. Rxd6 Kxd6 1/2-1/2

[Event "Olympiad-45"]
[Site "Budapest"]
[Date "2024.09.22"]
[Round "11.3"]
[White "Moroni, Luca Jr"]
[Black "Abdrlauf, Elham"]
[Result "1/2-1/2"]
[WhiteElo "2558"]
[BlackElo "2539"]
[PlyCount "61"]
[EventDate "2024.09.11"]
[EventType "team-swiss"]
[EventRounds "11"]
[EventCountry "HUN"]
[SourceTitle "CB39_2024"]
[SourceDate "2024.09.25"]
[SourceVersion "1"]
[SourceVersionDate "2024.09.25"]
[SourceQuality "1"]
[WhiteTeam "Italy"]
[BlackTeam "Norway"]
[WhiteTeamCountry "ITA"]
[BlackTeamCountry "NOR"]

1. d4 Nf6 2. c4 g6 3. Nc3 Bg7 4. e4 d6 5. Bd3 0-0 6. Nge2 c5 7. d5 e6 8. Bg5 h6 9. Bh4 exd5 10. Nxd5 g5 11. Bg3 Nc6 12. Nxf6+ Qxf6 13. Nc3 Be6 14. Rc1 Ne5 15. b3 Rad8 16. Be2 Ng6 17. 0-0 Nf4 18. Bd3 Qe7 19. Bb1 Be5 20. Re1 Qf6 21. Nd5 Bxd5 22. exd5 Rfe8 23. Qc2 Kf8 24. Kf1 h5 25. Rcd1 h4 26. Bxf4 Bxf4 27. Kg1 Rxe1+ 28. Rxe1 Re8 29. Rxe8+ Kxe8 30. g3 hxg3 31. hxg3 1/2-1/2

[Event "Monselice La Giostra della Rocca"]
[Site "Monselice"]
[Date "2024.09.08"]
[Round "1"]
[White "Basso, Pier Luigi"]
[Black "Moroni, Luca Jr"]
[Result "0-1"]
[WhiteElo "2521"]
[BlackElo "2558"]
[PlyCount "56"]
[EventDate "2024.09.08"]
[EventType "tourn"]
[EventRounds "9"]
[EventCountry "ITA"]
[EventCategory "9"]
[SourceTitle "CB38_2024"]
[SourceDate "2024.09.18"]
[SourceVersion "1"]
[SourceVersionDate "2024.09.18"]
[SourceQuality "1"]

1. e4 d6 2. d4 e5 3. Nf3 exd4 4. Nxd4 Nf6 5. Nc3 Be7 6. Bf4 0-0 7. Qd2 Nc6 8. Nxc6 bxc6 9. 0-0-0 Be6 10. f3 a5 11. g4 a4 12. a3 Nd7 13. h4 Qb8 14. Kb1 Qb7 15. Ka1 Rab8 16. Rb1 d5 17. Be2 Rfd8 18. Rhd1 Nc5 19. Qe3 Qb6 20. exd5 cxd5 21. Qd4 Bf6 22. Be5 Bxe5 23. Qxe5 d4 24. Na2 Bxa2 25. Kxa2 Re8 26. Qxd4 Rxe2 27. Qc4 Qe6 28. Rd5 Rxc2 0-1

[Event "Monselice La Giostra della Rocca"]
[Site "Monselice"]
[Date "2024.09.08"]
[Round "7"]
[White "Moroni, Luca Jr"]
[Black "Barp, Alberto"]
[Result "1-0"]
[WhiteElo "2558"]
[BlackElo "2431"]
[PlyCount "99"]
[EventDate "2024.09.08"]
[EventType "tourn"]
[EventRounds "9"]
[EventCountry "ITA"]
[EventCategory "9"]
[SourceTitle "CB38_2024"]
[SourceDate "2024.09.18"]
[SourceVersion "1"]
[SourceVersionDate "2024.09.18"]
[SourceQuality "1"]

1. d4 Nf6 2. Nf3 e6 3. Bf4 c5 4. e3 cxd4 5. exd4 Be7 6. c3 b6 7. Bd3 Ba6 8. 0-0 0-0 9. Re1 Bxd3 10. Qxd3 d6 11. Nbd2 Nbd7 12. a4 a6 13. h3 Qc7 14. Ng5 Qc6 15. Nge4 b5 16. Nxf6+ Nxf6 17. axb5 axb5 18. Bg5 Nd5 19. Bxe7 Nxe7 20. Ne4 h6 21. Qf3 Qd5 22. Rxa8 Rxa8 23. Qg3 Nf5 24. Nf6+ Kf8 25. Nxd5 Nxg3 26. Nc7 Rc8 27. Nxb5 Nf5 28. g4 Nh4 29. Ra1 d5 30. Ra7 Rb8 31. Nd6 Rxb2 32. Rxf7+ Kg8 33. Re7 Rc2 34. Rc7 Rc1+ 35. Kh2 g5 36. Rc8+ Kg7 37. Rc7+ Kg8 38. c4 Rc2 39. Rc8+ Kg7 40. cxd5 Rxf2+ 41. Kg1 Rd2 42. Rc7+ Kg6 43. Kf1 Rxd4 44. Ne8 Rf4+ 45. Ke2 Rf7 46. d6 Ng2 47. d7 Nf4+ 48. Kd2 Nd5 49. d8Q Nxc7 50. Nxc7 1-0

[Event "Monselice La Giostra della Rocca"]
[Site "Monselice"]
[Date "2024.09.08"]
[Round "4"]
[White "Rossi, Carlo"]
[Black "Moroni, Luca Jr"]
[Result "0-1"]
[WhiteElo "2245"]
[BlackElo "2558"]
[PlyCount "40"]
[EventDate "2024.09.08"]
[EventType "tourn"]
[EventRounds "9"]
[EventCountry "ITA"]
[EventCategory "9"]
[SourceTitle "CB38_2024"]
[SourceDate "2024.09.18"]
[SourceVersion "1"]
[SourceVersionDate "2024.09.18"]
[SourceQuality "1"]

1. Nc3 g6 2. d4 Bg7 3. e4 a6 4. h4 h5 5. Be3 b5 6. Bd3 Bb7 7. f3 d6 8. Nh3 Nd7 9. Ng5 e6 10. Ne2 Qe7 11. c3 c5 12. a4 c4 13. Bc2 Ngf6 14. axb5 axb5 15. Rxa8+ Bxa8 16. Qa1 0-0 17. Qa6 Rb8 18. Qa7 Qd8 19. 0-0 Bh6 20. Nxe6 Bxe3+ 0-1

[Event "Abu Dhabi Masters Online"]
[Site "Chess.com INT"]
[Date "2024.08.21"]
[Round "4"]
[White "Mendes, Aaron Reeve"]
[Black "Moroni, Luca Jr"]
[Result "1-0"]
[WhiteElo "2314"]
[BlackElo "2558"]
[PlyCount "49"]
[EventDate "2024.08.21"]
[EventType "swiss (blitz)"]
[EventRounds "11"]
[EventCountry "UAE"]
[SourceTitle "CB35_2024"]
[SourceDate "2024.08.28"]
[SourceVersion "1"]
[SourceVersionDate "2024.08.28"]
[SourceQuality "1"]

1. Nf3 g6 2. e3 Bg7 3. c4 d6 4. Be2 Nc6 5. 0-0 e5 6. d4 Nge7 7. Nc3 0-0 8. a3 exd4 9. exd4 Bg4 10. d5 Bxf3 11. Bxf3 Nd4 12. Be4 Nef5 13. Be3 Re8 14. Qd3 Qh4 15. g3 Qh5 16. Kg2 Re7 17. h3 Rae8 18. g4 Nh4+ 19. Kg3 Nhf5+ 20. Bxf5 Nxf5+ 21. Qxf5 Rxe3+ 22. fxe3 Rxe3+ 23. Rf3 Be5+ 24. Kg2 gxf5 25. gxh5 1-0

[Event "CrunchLab Masters PlayIn"]
[Site "Chess.com INT"]
[Date "2024.07.17"]
[Round "2"]
[White "Hakobyan, Aram"]
[Black "Moroni, Luca Jr"]
[Result "1/2-1/2"]
[WhiteElo "2617"]
[BlackElo "2558"]
[PlyCount "341"]
[EventDate "2024.07.17"]
[EventType "swiss (rapid)"]
[EventRounds "9"]
[EventCountry "USA"]
[SourceTitle "CB30_2024"]
[SourceDate "2024.07.24"]
[SourceVersion "1"]
[SourceVersionDate "2024.07.24"]
[SourceQuality "1"]

1. d4 g6 2. e4 Bg7 3. Nf3 d6 4. Nc3 Nf6 5. Be2 0-0 6. 0-0 a6 7. Bg5 h6 8. Bf4 Nc6 9. h3 Nd7 10. Qd2 Kh7 11. Rad1 e5 12. Be3 exd4 13. Nxd4 Nxd4 14. Bxd4 Bxd4 15. Qxd4 Nc5 16. e5 Bf5 17. exd6 Qxd6 18. Qe3 Rae8 19. Rxd6 Rxe3 20. Rd5 Rxc3 21. bxc3 b6 22. Bg4 Bxc2 23. Re1 h5 24. Bd1 Bf5 25. Re7 Be6 26. Re5 Rd8 27. Bb3 Kg8 28. Rxc7 Nxb3 29. axb3 Bxb3 30. c4 Rd4 31. c5 bxc5 32. Rexc5 Ra4 33. Ra7 Ra1+ 34. Kh2 Ra2 35. f3 Kg7 36. Rc3 Bd5 37. Rd3 Bc4 38. Rd4 Bb3 39. Rb4 Bd5 40. Kg3 Kg8 41. h4 Kg7 42. Rb6 Bc4 43. Rc6 Ra4 44. Re7 Bd5 45. Rd6 Bb3 46. Rd3 Be6 47. Ra7 Ra2 48. Rc3 a5 49. Rc6 Bb3 50. Rca6 a4 51. Ra5 Rc2 52. Rb7 Rc3 53. Raa7 Rc2 54. Ra5 Rd2 55. Rb8 Rc2 56. Raa8 Rc6 57. Kf4 Rc4+ 58. Kg3 Rc6 59. Rg8+ Kf6 60. Kh3 Rd6 61. Rgb8 Kg7 62. Rg8+ Kf6 63. Ra5 Be6+ 64. Kg3 Bb3 65. Kf2 Rc6 66. Ke3 Re6+ 67. Kf4 Rc6 68. g4 hxg4 69. fxg4 Rc4+ 70. Kg3 Rc3+ 71. Kf2 Rc2+ 72. Ke3 Rc3+ 73. Kd2 Rc6 74. h5 gxh5 75. gxh5 Rc2+ 76. Ke3 Rh2 77. Kf4 Be6 78. Rh8 a3 79. Kg3 Rh3+ 80. Kg2 a2 81. Rxa2 Kg7 82. Raa8 Kf6 83. Rag8 Rh4 84. Kg3 Rh3+ 85. Kf2 Rh4 86. h6 Bf5 87. Kg3 Rh3+ 88. Kg2 Rh5 89. Rb8 Kg5 90. Rb5 Kf4 91. Kf2 Rh2+ 92. Ke1 Be4 93. Rb3 Kg5 94. Rg3+ Kf4 95. Ra3 Kg5 96. Ra4 Kf4 97. h7 Rh1+ 98. Kd2 Rh2+ 99. Kc3 Rh3+ 100. Kb2 Rh2+ 101. Kc1 Rh1+ 102. Kb2 Rh2+ 103. Kc3 Rh3+ 104. Kd4 Rxh7 105. Rxh7 Bxh7 106. Kd5+ Kg5 107. Ra1 Bf5 108. Rf1 Kf6 109. Rf2 Kg6 110. Ke5 f6+ 111. Kf4 Be6 112. Re2 Kf7 113. Rb2 Ke7 114. Rb6 Kd7 115. Ke4 Ke7 116. Kd4 Kf7 117. Kc5 f5 118. Kd4 Kf6 119. Ra6 f4 120. Ke4 f3 121. Kxf3 Ke5 122. Ke3 Bc4 123. Ra5+ Kf6 124. Ke4 Bb3 125. Ra6+ Kg7 126. Kf5 Bc2+ 127. Kg5 Bb3 128. Ra7+ Kh8 129. Kg6 Bc2+ 130. Kh6 Bb3 131. Re7 Ba2 132. Rc7 Bg8 133. Kg6 Ba2 134. Rh7+ Kg8 135. Rh1 Bf7+ 136. Kf6 Bb3 137. Rb1 Bc4 138. Rb4 Bd5 139. Rd4 Ba2 140. Rd2 Bb3 141. Ke7 Kh8 142. Rg2 Bg8 143. Kf8 Bh7 144. Rg7 Bd3 145. Rg3 Bh7 146. Kf7 Bb1 147. Kf6 Bc2 148. Rh3+ Kg8 149. Rc3 Bb1 150. Rc7 Kh8 151. Ra7 Bc2 152. Ra1 Bd3 153. Kf7 Bc4+ 154. Kg6 Bd3+ 155. Kh6 Bc4 156. Ra7 Bg8 157. Re7 Bb3 158. Rg7 Bg8 159. Kg6 Bb3 160. Kf6 Bg8 161. Rg3 Bh7 162. Rh3 Kg8 163. Ke7 Kg7 164. Rg3+ Kh8 165. Kf7 Bb1 166. Rg8+ Kh7 167. Rg2 Kh6 168. Rg7 Bc2 169. Kf6 Kh5 170. Rg5+ Kh4 171. Rg2 1/2-1/2

[Event "CrunchLab Masters PlayIn"]
[Site "Chess.com INT"]
[Date "2024.07.17"]
[Round "8"]
[White "Kuzubov, Yuriy"]
[Black "Moroni, Luca Jr"]
[Result "1-0"]
[WhiteElo "2606"]
[BlackElo "2558"]
[PlyCount "97"]
[EventDate "2024.07.17"]
[EventType "swiss (rapid)"]
[EventRounds "9"]
[EventCountry "USA"]
[SourceTitle "CB30_2024"]
[SourceDate "2024.07.24"]
[SourceVersion "1"]
[SourceVersionDate "2024.07.24"]
[SourceQuality "1"]

1. d4 d5 2. c4 e6 3. Nf3 Nf6 4. Nc3 Ne4 5. Qc2 Nxc3 6. Qxc3 a5 7. a3 Bb4 8. axb4 axb4 9. Rxa8 bxc3 10. Rxb8 cxb2 11. Bxb2 0-0 12. c5 Qd7 13. e3 Qa4 14. Kd2 Qa5+ 15. Kc1 e5 16. Be2 e4 17. Nd2 Qa7 18. Rxc8 Rxc8 19. Kc2 c6 20. Nb3 f5 21. g3 Qb8 22. h4 g6 23. Bc3 Qc7 24. Ba5 Qf7 25. Bb6 h6 26. Kc3 Kg7 27. Ra1 g5 28. hxg5 hxg5 29. Ra7 f4 30. gxf4 gxf4 31. Na5 Kg6 32. Rxb7 Qe6 33. Rc7 f3 34. Bf1 Rxc7 35. Bxc7 Qe7 36. Bg3 Qe8 37. Kb4 Qa8 38. Bc7 Kg5 39. Be5 Kg4 40. Bg3 Qc8 41. Nxc6 Qxc6 42. Bb5 Qc8 43. c6 Kf5 44. c7 Ke6 45. Ka5 Qf8 46. Ba6 Qa3+ 47. Kb6 Qb4+ 48. Bb5 Qc3 49. Kb7 1-0

[Event "CrunchLab Masters PlayIn"]
[Site "Chess.com INT"]
[Date "2024.07.17"]
[Round "1"]
[White "Meier, Georg"]
[Black "Moroni, Luca Jr"]
[Result "0-1"]
[WhiteElo "2591"]
[BlackElo "2558"]
[PlyCount "66"]
[EventDate "2024.07.17"]
[EventType "swiss (rapid)"]
[EventRounds "9"]
[EventCountry "USA"]
[SourceTitle "CB30_2024"]
[SourceDate "2024.07.24"]
[SourceVersion "1"]
[SourceVersionDate "2024.07.24"]
[SourceQuality "1"]

1. Nf3 g6 2. d4 Bg7 3. g3 d6 4. Bg2 Nf6 5. 0-0 0-0 6. b3 a5 7. c4 a4 8. b4 c5 9. bxc5 dxc5 10. Bb2 Qb6 11. Qc1 cxd4 12. Nxd4 Nc6 13. Nb5 Be6 14. N1a3 Rfd8 15. Bc3 Bxc4 16. Nxc4 Qxb5 17. Ne3 Qxe2 18. Re1 Qa6 19. Rb1 Rab8 20. Qb2 b5 21. Nd5 a3 22. Qa1 Nxd5 23. Bxg7 f6 24. Bh6 b4 25. Re6 Rbc8 26. Rbe1 Qc4 27. h4 Nd4 28. R6e4 e5 29. h5 Nc3 30. hxg6 Nxe4 31. Bxe4 Ne2+ 32. Rxe2 Qxe2 33. gxh7+ Kh8 0-1

[Event "CrunchLab Masters PlayIn"]
[Site "Chess.com INT"]
[Date "2024.07.17"]
[Round "5"]
[White "Moroni, Luca Jr"]
[Black "Nakamura, Hikaru"]
[Result "0-1"]
[WhiteElo "2558"]
[BlackElo "2802"]
[PlyCount "78"]
[EventDate "2024.07.17"]
[EventType "swiss (rapid)"]
[EventRounds "9"]
[EventCountry "USA"]
[SourceTitle "CB30_2024"]
[SourceDate "2024.07.24"]
[SourceVersion "1"]
[SourceVersionDate "2024.07.24"]
[SourceQuality "1"]

1. c4 Nf6 2. g3 e5 3. Bg2 d5 4. cxd5 Nxd5 5. Nc3 Nf6 6. Nf3 Nc6 7. 0-0 h6 8. d3 Bd6 9. b3 0-0 10. Bb2 Re8 11. Rc1 Bf5 12. Na4 Qc8 13. Nc5 Nd8 14. Re1 Bh3 15. Bh1 c6 16. e4 Ne6 17. d4 Nxc5 18. dxc5 Bc7 19. Qc2 a5 20. Nd2 Nd7 21. Qc3 Qd8 22. Qe3 Qe7 23. Ba3 Bb8 24. Nc4 Be6 25. Nd6 Bxd6 26. cxd6 Qg5 27. Qe2 Rec8 28. Rcd1 c5 29. Bc1 Qg6 30. Be3 c4 31. bxc4 Bxc4 32. Qb2 b5 33. f4 f6 34. Bg2 Qg4 35. a3 Rc6 36. Qd2 Raa6 37. fxe5 fxe5 38. Qf2 Rxd6 39. Qf5 Qxd1 0-1

[Event "Chess.com Speed Play In"]
[Site "Chess.com INT"]
[Date "2024.06.27"]
[Round "7"]
[White "Moroni, Luca Jr"]
[Black "Bortnyk, Olexandr"]
[Result "0-1"]
[WhiteElo "2573"]
[BlackElo "2608"]
[PlyCount "149"]
[EventDate "2024.06.27"]
[EventType "swiss (blitz)"]
[EventRounds "11"]
[EventCountry "USA"]
[SourceTitle "CB27_2024"]
[SourceDate "2024.07.03"]
[SourceVersion "1"]
[SourceVersionDate "2024.07.03"]
[SourceQuality "1"]

1. c4 Nf6 2. Nc3 b6 3. e4 d6 4. g3 Bb7 5. Bg2 e5 6. Nge2 g6 7. d3 Bg7 8. 0-0 h5 9. Bg5 Nbd7 10. f4 Qc8 11. fxe5 dxe5 12. Bh3 Nh7 13. Be3 Qd8 14. Qd2 0-0 15. a4 Nc5 16. Rad1 Nb3 17. Qe1 Ng5 18. Bg2 Ne6 19. Bh3 Ng5 20. Bg2 Ne6 21. Bh3 Bc8 22. Qf2 c6 23. Kh1 Qe7 24. Nc1 Nbd4 25. N1e2 Nb3 26. Nc1 Nxc1 27. Bxc1 Bd7 28. a5 bxa5 29. Be3 Rab8 30. Ra1 Qb4 31. Rfb1 Rb7 32. Ra4 Qd6 33. Rxa5 Qxd3 34. Rd1 Qxc4 35. Rxa7 Rxa7 36. Bxa7 Bc8 37. Be3 Nd4 38. Bxc8 Rxc8 39. Bxd4 exd4 40. Ne2 d3 41. Nf4 Qxe4+ 42. Qg2 Qxg2+ 43. Kxg2 Bxb2 44. Nxd3 Bd4 45. Rc1 c5 46. Rc4 Kg7 47. Kf3 Kf6 48. h3 Ke6 49. g4 hxg4+ 50. hxg4 Kd5 51. Rc1 Re8 52. Nf4+ Kd6 53. Ng2 g5 54. Rc2 Kd5 55. Ra2 Rb8 56. Ra7 Rb3+ 57. Ke2 f6 58. Ne1 c4 59. Rd7+ Ke4 60. Nc2 Be5 61. Kd1 Rb1+ 62. Ke2 Rb2 63. Kd1 Rb3 64. Ne1 Rg3 65. Ke2 Rxg4 66. Rd8 Rg3 67. Rc8 Re3+ 68. Kd1 c3 69. Nc2 Rd3+ 70. Ke1 Bg3+ 71. Kf1 Rd1+ 72. Kg2 Rd2+ 73. Kxg3 Rxc2 74. Kg4 Rc1 75. Kh5 0-1

[Event "Chess.com Speed Play In"]
[Site "Chess.com INT"]
[Date "2024.06.27"]
[Round "4"]
[White "Volkov, Sergey"]
[Black "Moroni, Luca Jr"]
[Result "1/2-1/2"]
[WhiteElo "2439"]
[BlackElo "2573"]
[PlyCount "190"]
[EventDate "2024.06.27"]
[EventType "swiss (blitz)"]
[EventRounds "11"]
[EventCountry "USA"]
[SourceTitle "CB27_2024"]
[SourceDate "2024.07.03"]
[SourceVersion "1"]
[SourceVersionDate "2024.07.03"]
[SourceQuality "1"]

1. d4 g6 2. c4 Bg7 3. e4 d6 4. Nc3 c5 5. d5 Bxc3+ 6. bxc3 e5 7. h4 Qe7 8. h5 Kd7 9. hxg6 fxg6 10. Nf3 Kc7 11. Bg5 Qg7 12. Nd2 h6 13. Be3 g5 14. Be2 Nf6 15. Qc2 h5 16. 0-0-0 Nbd7 17. Nf3 g4 18. Nh4 Nf8 19. f4 gxf3 20. gxf3 Bd7 21. Rdg1 Qf7 22. Rg3 Rh7 23. Rhg1 Qe7 24. Bd3 Ng4 25. fxg4 Qxh4 26. gxh5 Qxh5 27. Qg2 Re8 28. Be2 Qh2 29. Qxh2 Rxh2 30. Kd1 Re7 31. Rg8 Rf7 32. Ke1 Nh7 33. R8g7 Rxg7 34. Rxg7 Nf6 35. Bg5 Rh1+ 36. Kf2 Nxe4+ 37. Kg2 Ra1 38. Bg4 Rxa2+ 39. Kg1 Ra1+ 40. Kg2 Ra2+ 41. Kg1 Nxg5 42. Rxd7+ Kb6 43. Rxd6+ Ka5 44. Rg6 Ne4 45. d6 Rd2 46. d7 Nxc3 47. Rg8 Ne2+ 48. Kf1 Nf4 49. d8Q+ Rxd8 50. Rxd8 b6 51. Ra8 a6 52. Bc8 Kb4 53. Bxa6 e4 54. Re8 Nd3 55. Rxe4 Nb2 56. Rh4 Na4 57. Bb5 Nc3 58. Ke1 Nb1 59. Kd1 Nc3+ 60. Kc2 Ne2 61. Rh8 Nd4+ 62. Kb2 Nb3 63. Rh6 Nd2 64. Rxb6 Nf1 65. Rb8 Ne3 66. Rh8 Nd1+ 67. Kc1 Nc3 68. Kc2 Ne2 69. Ba6 Ka3 70. Kd3 Nd4 71. Rb8 Nc6 72. Rb6 Nb4+ 73. Kc3 Na2+ 74. Kd2 Nb4 75. Bb5 Kb3 76. Rb8 Ka3 77. Rc8 Na2 78. Rxc5 Kb4 79. Rh5 Nc3 80. Rh3 Ne4+ 81. Kc2 Nf2 82. Rb3+ Kc5 83. Rf3 Ng4 84. Kc3 Kb6 85. Rf5 Ne3 86. Rg5 Ka5 87. Be8+ Kb6 88. Bh5 Nf1 89. Be2 Ne3 90. c5+ Kc6 91. Kd4 Nc2+ 92. Kc4 Ne3+ 93. Kc3 Nd5+ 94. Kd4 Nb4 95. Bf3+ Kb5 1/2-1/2

[Event "Dubai op-A 24th"]
[Site "Dubai"]
[Date "2024.05.30"]
[Round "6"]
[White "Dai, Changren"]
[Black "Moroni, Luca Jr"]
[Result "1/2-1/2"]
[WhiteElo "2510"]
[BlackElo "2580"]
[PlyCount "76"]
[EventDate "2024.05.25"]
[EventType "swiss"]
[EventRounds "9"]
[EventCountry "UAE"]
[SourceTitle "CB23_2024"]
[SourceDate "2024.06.05"]
[SourceVersion "1"]
[SourceVersionDate "2024.06.05"]
[SourceQuality "1"]

1. e4 c6 2. d4 d5 3. e5 Bf5 4. Nf3 e6 5. Be2 Nd7 6. 0-0 a5 7. Re1 a4 8. c3 h6 9. Nbd2 Ne7 10. Nf1 Bg6 11. Ng3 c5 12. Bb5 a3 13. b3 Nc6 14. c4 Nb6 15. Be3 dxc4 16. bxc4 Be7 17. dxc5 Nd7 18. Nd4 Qc7 19. Bxc6 bxc6 20. Nb3 0-0 21. Bd4 Rfb8 22. Nf1 Ra4 23. Nfd2 Rd8 24. Qf3 Nb8 25. Qc3 Qb7 26. Ne4 Bxe4 27. Rxe4 Na6 28. g3 Qb4 29. Rc1 Qxc3 30. Rxc3 h5 31. Kg2 g6 32. f4 Rd7 33. Kf3 Rd8 34. Re2 Kf8 35. Ke4 Ke8 36. h3 Kd7 37. Rf2 Kc8 38. Re2 Kc7 1/2-1/2

[Event "Dubai op-A 24th"]
[Site "Dubai"]
[Date "2024.05.29"]
[Round "5"]
[White "Moroni, Luca Jr"]
[Black "Mammadzada, Gunay Vuqar Qizi"]
[Result "1-0"]
[WhiteElo "2580"]
[BlackElo "2436"]
[PlyCount "69"]
[EventDate "2024.05.25"]
[EventType "swiss"]
[EventRounds "9"]
[EventCountry "UAE"]
[SourceTitle "CB23_2024"]
[SourceDate "2024.06.05"]
[SourceVersion "1"]
[SourceVersionDate "2024.06.05"]
[SourceQuality "1"]

1. Nf3 d5 2. e3 Nf6 3. c4 e6 4. b3 c5 5. Bb2 Nc6 6. cxd5 exd5 7. Be2 Be7 8. 0-0 0-0 9. d4 Ne4 10. dxc5 Bxc5 11. Nc3 Be6 12. Rc1 Bb6 13. Nb5 Re8 14. Nbd4 Bd7 15. h3 Qf6 16. Ba1 Qh6 17. Nh2 Ng3 18. Re1 Rxe3 19. Rxc6 bxc6 20. fxg3 Rae8 21. Kh1 Ba5 22. Rf1 c5 23. Bh5 g6 24. Nc2 Qxh5 25. Nxe3 Rxe3 26. g4 Qh4 27. Qxd5 Qe7 28. Nf3 Bb5 29. Rc1 Rd3 30. Bd4 cxd4 31. Qxb5 Qe4 32. Ng5 Qe3 33. Rf1 Bc7 34. Qc4 Kg7 35. Qxc7 1-0

[Event "Sharjah Masters 7th"]
[Site "Sharjah"]
[Date "2024.05.22"]
[Round "9"]
[White "Samant, Aditya S"]
[Black "Moroni, Luca Jr"]
[Result "1-0"]
[WhiteElo "2501"]
[BlackElo "2581"]
[PlyCount "75"]
[EventDate "2024.05.14"]
[EventType "swiss"]
[EventRounds "9"]
[EventCountry "UAE"]
[SourceTitle "CB21_2024"]
[SourceDate "2024.05.22"]
[SourceVersion "1"]
[SourceVersionDate "2024.05.22"]
[SourceQuality "1"]

1. e4 c6 2. d4 d5 3. e5 Bf5 4. Nf3 e6 5. Be2 Nd7 6. 0-0 a5 7. a4 f6 8. Nbd2 Nh6 9. Nb3 Nf7 10. Re1 g5 11. h3 Bg7 12. exf6 Qxf6 13. Bd2 h5 14. Ne5 Nfxe5 15. dxe5 Qg6 16. Nd4 Be4 17. f3 Bxe5 18. Nxc6 bxc6 19. fxe4 g4 20. h4 Nf6 21. Bc3 Bxc3 22. bxc3 0-0 23. exd5 Nxd5 24. Qd4 Nf4 25. Bd3 Nxd3 26. cxd3 Rad8 27. Qc4 Rf6 28. Qxc6 Rxd3 29. Re5 Rd5 30. Rxd5 exd5 31. Qxd5+ Kh7 32. Qxa5 g3 33. Qe5 Rf5 34. Qd4 Rf7 35. a5 Qf5 36. a6 Rd7 37. Qxd7+ Qxd7 38. a7 1-0

[Event "Titled Tuesday intern op 21st May Late"]
[Site "Chess.com INT"]
[Date "2024.05.21"]
[Round "5"]
[White "Taichman, Ori"]
[Black "Moroni, Luca Jr"]
[Result "0-1"]
[WhiteElo "2329"]
[BlackElo "2580"]
[PlyCount "122"]
[EventDate "2024.05.21"]
[EventType "swiss (blitz)"]
[EventRounds "11"]
[EventCountry "USA"]
[SourceTitle "CB22_2024"]
[SourceDate "2024.05.29"]
[SourceVersion "1"]
[SourceVersionDate "2024.05.29"]
[SourceQuality "1"]

1. e4 g6 2. h4 d5 3. exd5 Nf6 4. h5 gxh5 5. Nc3 Bg4 6. Be2 Bg7 7. d4 Nbd7 8. Bg5 Nb6 9. Bxf6 Bxf6 10. Bxg4 hxg4 11. Qxg4 Nxd5 12. Rxh7 Rxh7 13. Qg8+ Kd7 14. Qxh7 Nxc3 15. bxc3 Qh8 16. Qh3+ Qxh3 17. Nxh3 c5 18. 0-0-0 Rg8 19. g3 Rg4 20. Nf4 Bg5 21. dxc5+ Kc6 22. Kb2 Bxf4 23. gxf4 Rxf4 24. Rd2 Rf5 25. Kb3 Rxc5 26. a4 Rf5 27. Kb4 b6 28. c4 Rf3 29. a5 bxa5+ 30. Kxa5 Kc5 31. Ka6 Kxc4 32. Kxa7 e5 33. Kb6 e4 34. Kc6 f5 35. Kd6 Kc3 36. Re2 Kd4 37. Ke6 f4 38. Kf5 e3 39. fxe3+ fxe3+ 40. Kg4 Rf2 41. Re1 Rxc2 42. Kf3 Rf2+ 43. Kg3 Kd3 44. Rd1+ Rd2 45. Re1 Ra2 46. Kf3 Rf2+ 47. Kg3 Rf8 48. Rd1+ Ke2 49. Rd5 Rg8+ 50. Kh2 Kf2 51. Rf5+ Ke1 52. Rd5 e2 53. Rd7 Rg5 54. Rd8 Kf2 55. Rf8+ Ke3 56. Re8+ Kf3 57. Re7 Rg4 58. Kh3 Re4 59. Rf7+ Ke3 60. Kg2 e1Q 61. Rf3+ Kd4 0-1